Little House On The Prairie Episodes seasons 5-9 - Statistics

General Stats
  • This quiz has been taken 166 times
  • The average score is 57 of 117
Answer Stats
season episode name % Correct
Fagin
82%
Harriet's Happenings
73%
9: A New Beginning Times Are Changing Part 1
68%
A Promise to Keep
64%
5 As Long as we're Together Part 1
64%
As Long as We're Together Part 2
64%
He Was Only Twelve Part 1
64%
Home Again Part 1
64%
Home Again Part 2
64%
Mortal Mission
64%
The Cheaters
64%
The Lost Ones Part 1
64%
The Lost Ones Part 2
64%
The Man Inside
64%
The Return of Mr.Edwards
64%
Times Are Changing Part 2
64%
6 Back to School Part 1
59%
Back to School Part 2
59%
Chicago
59%
For the Love of Blanche
59%
He Was Only Twelve Part 2
59%
Men Will Be Boys
59%
The Odyssey
59%
To See The Light Part 1
59%
To See The Light Part 2
59%
A Child With No Name
55%
Annabelle
55%
Blind Journey Part 1
55%
Darkness Is My Friend
55%
For the Love of Nancy
55%
Hello and Goodbye
55%
He Loves me, He Loves Me Not Part 1
55%
He Loves Me, He Loves Me Not Part 2
55%
7 Laura Ingalls Wilder Part 1
55%
Laura Ingalls Wilder Part 2
55%
Rage
55%
Someone Please Love me
55%
The Lake Kezia Monster
55%
The Last Summer
55%
8 The Reincarnation of Nellie Part 1
55%
The Reincarnation of Nellie Part 2
55%
The Sound of Children
55%
The Wedding
55%
The Winoka Warriors
55%
Welcome to Olesonville
55%
A Faraway Cry
50%
Author! Author!
50%
Barn Burner
50%
Blind Journey Part 2
50%
Blind Justice
50%
Blind Man's Bluff
50%
Come Let us Reason Together
50%
Gambini the Great
50%
Goodbye, Mrs. Wilder
50%
Love
50%
May We Make Them Proud Part 1
50%
May We Make Them Proud Part 2
50%
Portrait of Love
50%
Silent Promises
50%
Stone Soup
50%
Sweet Sixteen
50%
Sylvia Part 1
50%
Sylvia Part 2
50%
The Family Tree
50%
The King is Dead
50%
The Preacher Takes A Wife
50%
The Return of Nellie
50%
The Third Miracle
50%
Wilder and Wilder
50%
A Christmas They Never Forgot
45%
Alden's Dilemma
45%
A Wiser Heart
45%
Dearest Albert, I'll Miss You
45%
Divorce, Walnut Grove Style
45%
Growin' Pains
45%
Make A Joyful Noise
45%
Marvin's Garden
45%
May I Have This Dance?
45%
Once Upon a Time
45%
Second Spring
45%
The Angry Heart
45%
The Craftsman
45%
The Empire Builders
45%
The Enchanted Cottage
45%
The Godsister
45%
The Halloween Dream
45%
The In-Laws
45%
The Legacy
45%
The Nephews
45%
The Older Brothers
45%
There's No Place Like Home Part 1
45%
There's No Place Like Home Part 2
45%
Uncle Jed
45%
Dance with Me
41%
I Do, Again
41%
Little Lou
41%
Second Chance
41%
The Legend of Black Jake
41%
Dark Sage
36%
Days of Sunshine, Days of Shadow Part 1
36%
Days of Sunshine, Days of Shadow Part 2
36%
No Beast So Fierce
36%
The Silent Cry
36%
Wave of the Future
36%
A New Beginning
32%
Sins of the Fathers
32%
The Werewolf of Walnut Grove
32%
The Wild Boy Part 1
32%
The Wild Boy Part 2
32%
Whatever Happened to The Class of '56
32%
Fight Team Fight
27%
Oleson Versus Oleson
27%
The Faith Healer
27%
Post Series Movie Special #2 Little House: Look Back to Yesterday
18%
Post Series Movie Special #4 Little House: The Last Farewell
18%
special #1 The Little House Years
18%
Post Series Movie Special #3 Little House: Bless All the Dear Children
9%
No matching quizzes found
Score Distribution
Percent of People with Each Score
Percentile by Number Answered
Your Score History
You have not taken this quiz